|
|
|
|
| LEADER |
03112nam a2200553 4500 |
| 001 |
978-3-319-72844-5 |
| 003 |
DE-He213 |
| 005 |
20191023221019.0 |
| 007 |
cr nn 008mamaa |
| 008 |
180113s2018 gw | s |||| 0|eng d |
| 020 |
|
|
|a 9783319728445
|9 978-3-319-72844-5
|
| 024 |
7 |
|
|a 10.1007/978-3-319-72844-5
|2 doi
|
| 040 |
|
|
|d GrThAP
|
| 050 |
|
4 |
|a HD28-70
|
| 072 |
|
7 |
|a KJC
|2 bicssc
|
| 072 |
|
7 |
|a BUS041000
|2 bisacsh
|
| 072 |
|
7 |
|a KJC
|2 thema
|
| 082 |
0 |
4 |
|a 658.4092
|2 23
|
| 100 |
1 |
|
|a Schallmo, Daniel R. A.
|e author.
|4 aut
|4 http://id.loc.gov/vocabulary/relators/aut
|
| 245 |
1 |
0 |
|a Digital Transformation Now!
|h [electronic resource] :
|b Guiding the Successful Digitalization of Your Business Model /
|c by Daniel R. A. Schallmo, Christopher A. Williams.
|
| 250 |
|
|
|a 1st ed. 2018.
|
| 264 |
|
1 |
|a Cham :
|b Springer International Publishing :
|b Imprint: Springer,
|c 2018.
|
| 300 |
|
|
|a XIV, 70 p. 28 illus., 25 illus. in color.
|b online resource.
|
| 336 |
|
|
|a text
|b txt
|2 rdacontent
|
| 337 |
|
|
|a computer
|b c
|2 rdamedia
|
| 338 |
|
|
|a online resource
|b cr
|2 rdacarrier
|
| 347 |
|
|
|a text file
|b PDF
|2 rda
|
| 490 |
1 |
|
|a SpringerBriefs in Business,
|x 2191-5482
|
| 505 |
0 |
|
|a Introduction,- History of Digital Transformation -- Digital Transformation of Business Models -- Selected Examples Demonstrating the Digital Transformation of Business Models -- Existing Approaches -- Roadmap for the Digital Transformation of Business Models -- Summary.
|
| 520 |
|
|
|a Is digitalization a value-added approach? Global leaders believe so, and this book reveals how to digitally transform your business model and compete in today's economy. It presents a roadmap consisting of five phases; Digital Reality, Digital Ambition, Digital Potential, Digital Fit, and Digital Implementation, each with step-by-step instructions as well as innovative activities and tools. This is a timely book offering professionals a concise, tried-and-trusted guide to the digital transformation of business models.
|
| 650 |
|
0 |
|a Leadership.
|
| 650 |
|
0 |
|a Management.
|
| 650 |
|
0 |
|a Industrial management.
|
| 650 |
|
0 |
|a Information technology.
|
| 650 |
|
0 |
|a Business-Data processing.
|
| 650 |
|
0 |
|a Digital media.
|
| 650 |
1 |
4 |
|a Business Strategy/Leadership.
|0 http://scigraph.springernature.com/things/product-market-codes/515010
|
| 650 |
2 |
4 |
|a Innovation/Technology Management.
|0 http://scigraph.springernature.com/things/product-market-codes/518000
|
| 650 |
2 |
4 |
|a IT in Business.
|0 http://scigraph.springernature.com/things/product-market-codes/522000
|
| 650 |
2 |
4 |
|a Digital/New Media.
|0 http://scigraph.springernature.com/things/product-market-codes/412040
|
| 700 |
1 |
|
|a Williams, Christopher A.
|e author.
|4 aut
|4 http://id.loc.gov/vocabulary/relators/aut
|
| 710 |
2 |
|
|a SpringerLink (Online service)
|
| 773 |
0 |
|
|t Springer eBooks
|
| 776 |
0 |
8 |
|i Printed edition:
|z 9783319728438
|
| 776 |
0 |
8 |
|i Printed edition:
|z 9783319728452
|
| 830 |
|
0 |
|a SpringerBriefs in Business,
|x 2191-5482
|
| 856 |
4 |
0 |
|u https://doi.org/10.1007/978-3-319-72844-5
|z Full Text via HEAL-Link
|
| 912 |
|
|
|a ZDB-2-BUM
|
| 950 |
|
|
|a Business and Management (Springer-41169)
|